A TEXTBOOK OF QUALITY ASSURANCE TECHNIQUES (SEM-VIII) (Record no. 5778)

MARC details
000 -LEADER
fixed length control field 00445nam a22001577a 4500
005 - DATE AND TIME OF LATEST TRANSACTION
control field 20240106155432.0
008 - FIXED-LENGTH DATA ELEMENTS--GENERAL INFORMATION
fixed length control field 190326b xxu||||| |||| 00| 0 eng d
020 ## - INTERNATIONAL STANDARD BOOK NUMBER
ISBN 978-93-86353-58-0
041 ## - LANGUAGE CODE
Language code of text/sound track or separate title eng
100 ## - MAIN ENTRY--AUTHOR NAME
Personal name KOTHAWADE, S.N ., TARE, DR. M.S ,AND CHAUDHARI,DR. P.D.
245 ## - TITLE STATEMENT
Title A TEXTBOOK OF QUALITY ASSURANCE TECHNIQUES (SEM-VIII)
250 ## - EDITION STATEMENT
Edition statement 2nd , 2018
260 ## - PUBLICATION, DISTRIBUTION, ETC. (IMPRINT)
Place of publication PUNE
Name of publisher NIRALI PRAKASHAN
300 ## - PHYSICAL DESCRIPTION
Number of Pages G.1 p,
942 ## - ADDED ENTRY ELEMENTS (KOHA)
Koha item type Books
Holdings
Lost status Damaged status Collection code Home library Current library Shelving location Date acquired Source of acquisition Cost, normal purchase price Accession Number Koha item type
    PHARMACY JRU Library JRU Library SHELF-3-B 26/03/2019 PURCHESS 105.00 22515 Books
    PHARMACY JRU Library JRU Library Shelf - 22- A 26/03/2019 PURCHESS 105.00 22516 Books
    Reference JRU Library JRU Library Shelf - 21- H 26/03/2019 PURCHESS 105.00 22517 Books